Regional Development (Record no. 16915)

MARC details
000 -LEADER
fixed length control field 00849cab a2200193 4500
001 - CONTROL NUMBER
control field WB2437-22
008 - FIXED-LENGTH DATA ELEMENTS--GENERAL INFORMATION
fixed length control field 090401t1988 xxu||||| |||| 00| 0 eng d
035 ## - SYSTEM CONTROL NUMBER
System control number (Sirsi) u25202
041 ## - LANGUAGE CODE
Language code of text/sound track or separate title eng
245 ## - TITLE STATEMENT
Title Regional Development
260 ## - PUBLICATION, DISTRIBUTION, ETC.
Date of publication, distribution, etc. 1988
350 ## - PRICE (NR) (BK AM CF MU VM SE) [OBSOLETE]
Price 0
490 ## - SERIES STATEMENT
Series statement Times
Volume/sequential designation 15/9/88 p17 (4) LOAN
520 ## - SUMMARY, ETC.
Summary, etc. Survey on regional assistance which looks at the future of the Scottish Development Agency , enterprise zones , whose rates exemptions cease in 1992, the achievements of the Merseyside Development Corporation and the aims of the CBI `s Task Force on inner cities . Concludes with a review of the success of the Dean Clough Industrial Complex at Halifax in West Yorkshire and the Metro Centre at Tyne and Wear .
650 ## - SUBJECT ADDED ENTRY--TOPICAL TERM
Topical term or geographic name entry element ACTION FOR CITIES
690 ## - LOCAL SUBJECT ADDED ENTRY--TOPICAL TERM (OCLC, RLIN)
Topical term or geographic name as entry element PLANNING LAW AND PRACTICE
942 ## - ADDED ENTRY ELEMENTS (KOHA)
Suppress in OPAC 0
948 ## - LOCAL PROCESSING INFORMATION (OCLC); SERIES PART DESIGNATOR (RLIN)
c (OCLC) 04/03/1997
Holdings
Withdrawn status Lost status Source of classification or shelving scheme Damaged status Not for loan Home library Current library Shelving location Date acquired Total Checkouts Full call number Barcode Date last seen Copy number Price effective from Koha item type
    Dewey Decimal Classification     London London News article 21/08/1991   WB2437-22 30022799 06/08/2019 1 06/08/2019 News article